Statistics for Microstates Quiz Europe

Click here to take the quiz!

General Stats

  • This quiz has been taken 24 times
  • The average score is 5 of 6

Answer Stats

HintAnswer% Correct
Near Belgium France And GermanyLuxembourg
100%
Island Nation In The MeditteraneanMalta
100%
The Grand Prix Is Held HereMonaco
100%
The Pope Lives HereVatican City
100%
The Oldest Country In The WorldSan Marino
90%
Near Switzerland And AustriaLictenstien
10%

Score Distribution

Percentile by Number Answered

Percent of People with Each Score

Your Score History

You have not taken this quiz